Southport - Statistics

General Stats
  • This quiz has been taken 85 times
    78 since last reset
  • The average score is 14 of 19
Answer Stats
Question Answer % Correct
Main shopping street Lord Street
91%
Name of major park #3 Hesketh Park
87%
Name of Local Council Sefton Council
87%
Colour that Southport FC play in Yellow
87%
Name of village in Southport Birkdale
84%
Metropolitan County Merseyside
84%
Month that Southport Air Show usually take place September
82%
Name of Amusement Park Pleasureland
80%
Name of major park #2 Victoria Park
80%
Nickname of someone from Southport Sandgrounder
78%
Name of water park Splash World
78%
Home of Southport FC Merseyrail Community Stadium
76%
Name of major park Botanic Gardens
73%
MP for Southport John Pugh
69%
Population (approx) 90,000
64%
League that Southport FC play in National League
62%
Name of swimming baths Dunes
60%
Name of local newspaper Southport Visiter
60%
Name of major hotel The Ramada
42%
No matching quizzes found
Score Distribution
Percent of People with Each Score
Percentile by Number Answered
Your Score History
You have not taken this quiz since the last reset